[Event "10MCR_4DW_1L_4S"]
[Site "CR"]
[Date "2012.??.??"]
[Round "?"]
[White "Dolezal, Petr"]
[Black "Mudra, Oldrich"]
[Result "1/2-1/2"]
[WhiteElo "1903"]
[BlackElo "2096"]
[Annotator "11"]
[PlyCount "43"]
[EventDate "2012.??.??"]
[EventType "corr"]

1. e4 e5 2. Nf3 Nc6 3. Bb5 Nf6 4. O-O Nxe4 5. d4 Nd6 6. Bxc6 dxc6 7. dxe5 Nf5
8. Qxd8+ Kxd8 9. Nc3 Ke8 10. h3 h5 11. Bg5 Be6 12. Rfd1 Be7 13. g3 Rd8 14.
Rxd8+ Kxd8 15. Rd1+ Kc8 16. Bxe7 Nxe7 17. Ng5 Ng6 18. f4 h4 19. Nxe6 fxe6 20.
Kg2 b6 21. b4 Ne7 22. Rd3 1/2-1/2

[Event "10MCR_4DW_1L_4S"]
[Site "CR"]
[Date "2012.??.??"]
[Round "?"]
[White "Glaser, Karel"]
[Black "Sykora, Josef"]
[Result "1/2-1/2"]
[WhiteElo "2269"]
[BlackElo "2339"]
[Annotator "12"]
[PlyCount "56"]
[EventDate "2012.??.??"]
[EventType "corr"]

1. e4 c5 2. Nf3 d6 3. d4 cxd4 4. Nxd4 Nf6 5. Nc3 a6 6. Be3 e5 7. Nb3 Be6 8. Be2
Be7 9. O-O O-O 10. f4 exf4 11. Bxf4 Nc6 12. Kh1 d5 13. Nxd5 Nxd5 14. exd5 Qxd5
15. Qxd5 Bxd5 16. Rad1 Rad8 17. Bc7 Rc8 18. Bb6 Be6 19. Bf3 Ne5 20. Bxb7 Rxc2
21. Bd4 Bf6 22. Nc5 Ng4 23. Bxf6 gxf6 24. Nxe6 fxe6 25. Rd6 Rxb2 26. Bxa6 Kf7
27. Bc4 Re8 28. Re1 Ne3 1/2-1/2

[Event "10MCR_4DW_1L_4S"]
[Site "CR"]
[Date "2012.??.??"]
[Round "?"]
[White "Tomisek, Petr"]
[Black "Dolezal, Petr"]
[Result "1/2-1/2"]
[WhiteElo "2251"]
[BlackElo "1903"]
[Annotator "13"]
[PlyCount "54"]
[EventDate "2012.??.??"]
[EventType "corr"]

1. e4 e5 2. Bc4 Nc6 3. Nf3 Bc5 4. b4 Bxb4 5. c3 Ba5 6. d4 exd4 7. O-O dxc3 8.
Qb3 Qf6 9. e5 Qg6 10. Nxc3 Nge7 11. Ba3 O-O 12. Rad1 Bb6 13. Rfe1 Na5 14. Qa4
Nxc4 15. Qxc4 Re8 16. Bxe7 Rxe7 17. Nd5 Re8 18. Qa4 h6 19. Qa3 Kh7 20. h3 Qc6
21. Qd3+ Qg6 22. Qc4 d6 23. Nh4 Qh5 24. Qc2+ Kh8 25. Nxc7 Bxc7 26. exd6 Be6 27.
Rxe6 Rxe6 1/2-1/2

[Event "10MCR_4DW_1L_4S"]
[Site "CR"]
[Date "2012.??.??"]
[Round "?"]
[White "Mudra, Oldrich"]
[Black "Kyhos, Alois"]
[Result "1/2-1/2"]
[WhiteElo "2096"]
[BlackElo "2195"]
[Annotator "14"]
[PlyCount "60"]
[EventDate "2012.??.??"]
[EventType "corr"]

1. d4 Nf6 2. c4 e6 3. Nf3 b6 4. g3 Bb7 5. Bg2 Be7 6. O-O O-O 7. Bf4 d6 8. Nc3
Ne4 9. Nxe4 Bxe4 10. Rc1 h6 11. Ne1 Bxg2 12. Kxg2 Bf6 13. Nf3 c5 14. dxc5 dxc5
15. Qc2 Nc6 16. Rfd1 Qc8 17. Rd6 Rd8 18. Rcd1 Qb7 19. Rxd8+ Rxd8 20. Rxd8+ Nxd8
21. Kg1 Nc6 22. b3 g5 23. Be3 Qd7 24. h3 Bg7 25. Kg2 f5 26. h4 g4 27. Ne1 Nb4
28. Qb1 e5 29. Kf1 Nc6 30. Qc2 Kh7 1/2-1/2

[Event "10MCR_4DW_1L_4S"]
[Site "CR"]
[Date "2012.??.??"]
[Round "?"]
[White "Bares, Jiri"]
[Black "Kyhos, Alois"]
[Result "1/2-1/2"]
[WhiteElo "2253"]
[BlackElo "2195"]
[Annotator "15"]
[PlyCount "42"]
[EventDate "2012.??.??"]
[EventType "corr"]

1. d4 Nf6 2. c4 e6 3. Nf3 b6 4. g3 Bb7 5. Bg2 Be7 6. O-O O-O 7. Nc3 Ne4 8. Qc2
Nxc3 9. Qxc3 c5 10. Bf4 d6 11. Rfd1 Nc6 12. Qd3 Bf6 13. dxc5 dxc5 14. Qa3 Qc8
15. Bg5 Bd4 16. Bd2 Rd8 17. e3 Be5 18. Bc3 Bxc3 19. Qxc3 Qc7 20. Ne1 h6 21. Nd3
Ne7 1/2-1/2

[Event "10MCR_4DW_1L_4S"]
[Site "CR"]
[Date "2012.??.??"]
[Round "?"]
[White "Kyhos, Alois"]
[Black "Dolezal, Petr"]
[Result "1-0"]
[WhiteElo "2195"]
[BlackElo "1903"]
[Annotator "16"]
[PlyCount "75"]
[EventDate "2012.??.??"]
[EventType "corr"]

1. e4 e6 2. d4 d5 3. Nc3 Nf6 4. Bg5 Bb4 5. e5 h6 6. Bd2 Bxc3 7. bxc3 Ne4 8. Qg4
g6 9. Bd3 Nxd2 10. Kxd2 c5 11. Nf3 Bd7 12. h4 c4 13. Be2 Ba4 14. Rab1 Qe7 15.
h5 g5 16. Nh2 Bc6 17. f4 Nd7 18. fxg5 hxg5 19. Bf3 O-O-O 20. Qg3 f5 21. exf6
Nxf6 22. Ng4 Nxh5 23. Qe5 Ng7 24. Nf6 Rh4 25. Rbe1 Rxh1 26. Rxh1 Ne8 27. Rh6
Qd6 28. Nh7 Qxe5 29. dxe5 Nc7 30. Nxg5 Bd7 31. Nf7 Rg8 32. g4 Nb5 33. g5 Be8
34. g6 Bxf7 35. gxf7 Rf8 36. Rxe6 Rxf7 37. Rf6 d4 38. Rxf7 1-0

[Event "10MCR_4DW_1L_4S"]
[Site "CR"]
[Date "2012.??.??"]
[Round "?"]
[White "Dolezal, Petr"]
[Black "Dedina, Miroslav"]
[Result "1/2-1/2"]
[WhiteElo "1903"]
[BlackElo "2307"]
[Annotator "17"]
[PlyCount "43"]
[EventDate "2012.??.??"]
[EventType "corr"]

1. d4 d5 2. c4 c6 3. Nf3 e6 4. Nc3 Nf6 5. e3 Nbd7 6. Qc2 Bd6 7. Bd3 O-O 8. O-O
dxc4 9. Bxc4 b5 10. Be2 Bb7 11. Rd1 Qb8 12. e4 e5 13. dxe5 Nxe5 14. Nd4 Ned7
15. g3 g6 16. f4 b4 17. e5 bxc3 18. exd6 Qxd6 19. Bf3 cxb2 20. Bxb2 Nd5 21. Nb3
Qb4 22. Rab1 1/2-1/2

[Event "10MCR_4DW_1L_4S"]
[Site "CR"]
[Date "2012.??.??"]
[Round "?"]
[White "Jarabinsky, Martin"]
[Black "Bares, Jiri"]
[Result "1/2-1/2"]
[WhiteElo "2127"]
[BlackElo "2253"]
[Annotator "18"]
[PlyCount "57"]
[EventDate "2012.??.??"]
[EventType "corr"]

1. e4 c5 2. Nf3 d6 3. d4 cxd4 4. Nxd4 Nf6 5. Nc3 a6 6. Be3 e5 7. Nb3 Be6 8. f3
Be7 9. Qd2 O-O 10. O-O-O Nbd7 11. g4 b5 12. a3 Nb6 13. Na5 Qc7 14. g5 Nh5 15.
h4 g6 16. Kb1 Rab8 17. Rh2 Nc4 18. Nxc4 bxc4 19. Ka1 Rfc8 20. Bh3 Qb7 21. Rb1
Qd7 22. Qg2 Bd8 23. Bg4 Ba5 24. Nd5 Rb7 25. Bxe6 fxe6 26. Nf6+ Nxf6 27. gxf6
Rcb8 28. Qg4 Bb4 29. h5 1/2-1/2

[Event "10MCR_4DW_1L_4S"]
[Site "CR"]
[Date "2012.??.??"]
[Round "?"]
[White "Mudra, Oldrich"]
[Black "Tomisek, Petr"]
[Result "1/2-1/2"]
[WhiteElo "2096"]
[BlackElo "2251"]
[Annotator "19"]
[PlyCount "98"]
[EventDate "2012.??.??"]
[EventType "corr"]

1. d4 d5 2. c4 Nc6 3. Nf3 Bg4 4. cxd5 Bxf3 5. dxc6 Bxc6 6. Nc3 e6 7. e4 Bb4 8.
f3 Qh4+ 9. g3 Qf6 10. Bc4 O-O-O 11. Be3 Bc5 12. e5 Qe7 13. Qd2 Bb6 14. Ne4 f6
15. Qc3 Bxe4 16. fxe4 fxe5 17. dxe5 Bxe3 18. Qxe3 Nh6 19. O-O Kb8 20. Bb3 Nf7
21. Qc3 c6 22. a4 h5 23. Rad1 h4 24. Rxd8+ Nxd8 25. a5 hxg3 26. hxg3 g5 27. Kf2
Qh7 28. Bc2 Qh2+ 29. Ke1 Rh3 30. a6 Kc7 31. axb7 Qxg3+ 32. Qxg3 Rxg3 33. Rf6
Rg2 34. Bb3 Rxb2 35. Bxe6 Rb5 36. Bf5 Rxe5 37. b8=Q+ Kxb8 38. Rg6 a5 39. Kd2
Kc7 40. Rxg5 Nb7 41. Rg1 Nd6 42. Kd3 Nxf5 43. Rg5 a4 44. exf5 Kb6 45. Rg4 a3
46. f6 Rf5 47. Kc2 Rxf6 48. Rg3 a2 49. Kb2 a1=Q+ 1/2-1/2

[Event "10MCR_4DW_1L_4S"]
[Site "CR"]
[Date "2012.??.??"]
[Round "?"]
[White "Dolezal, Petr"]
[Black "Sykora, Josef"]
[Result "0-1"]
[WhiteElo "1903"]
[BlackElo "2339"]
[Annotator "20"]
[PlyCount "68"]
[EventDate "2012.??.??"]
[EventType "corr"]

1. d4 Nf6 2. c4 e6 3. Nc3 Bb4 4. Bg5 h6 5. Bh4 c5 6. d5 d6 7. e3 Bxc3+ 8. bxc3
e5 9. Qc2 Qe7 10. Nf3 Nbd7 11. Nd2 e4 12. Be2 g5 13. Bg3 Nf8 14. h4 Rg8 15. Rb1
Ng6 16. h5 Nf8 17. Qa4+ N8d7 18. Rb6 axb6 19. Qxa8 Kd8 20. Qa7 Rf8 21. O-O Ne8
22. Bh2 f5 23. Re1 Qf6 24. Rc1 Kc7 25. a4 f4 26. exf4 Qe7 27. Re1 gxf4 28. Bf3
Qe5 29. Nb1 Nef6 30. a5 Qg5 31. axb6+ Nxb6 32. Bxe4 Nxe4 33. f3 Nf2 34. Re2 Bh3
0-1

[Event "10MCR_4DW_1L_4S"]
[Site "CR"]
[Date "2012.??.??"]
[Round "?"]
[White "Sykora, Josef"]
[Black "Bares, Jiri"]
[Result "1/2-1/2"]
[WhiteElo "2339"]
[BlackElo "2253"]
[Annotator "21"]
[PlyCount "75"]
[EventDate "2012.??.??"]
[EventType "corr"]

1. d4 Nf6 2. c4 e6 3. Nc3 d5 4. cxd5 exd5 5. Bg5 Be7 6. e3 O-O 7. Bd3 Nbd7 8.
Nge2 c6 9. Qc2 Re8 10. O-O Nf8 11. Rab1 g6 12. b4 Ne6 13. Bh4 a6 14. a4 Ng7 15.
b5 axb5 16. axb5 Bf5 17. Bxf5 Nxf5 18. Bxf6 Bxf6 19. bxc6 bxc6 20. Na4 Qd6 21.
Ng3 Nxg3 22. hxg3 Ra7 23. Rb6 Rc8 24. Nc5 Bd8 25. Rb3 Be7 26. Nd3 Qd8 27. Rc1
Kg7 28. Qb2 Bd6 29. Rbc3 Rcc7 30. Nc5 Bxc5 31. Rxc5 Qd7 32. Qb6 Rab7 33. Qa6
Ra7 34. Qd3 Qe6 35. R5c3 h5 36. Qe2 Rc8 37. R3c2 Ra5 38. Qd3 1/2-1/2

[Event "10MCR_4DW_1L_4S"]
[Site "CR"]
[Date "2012.??.??"]
[Round "?"]
[White "Portych, Vaclav"]
[Black "Dolezal, Petr"]
[Result "1/2-1/2"]
[WhiteElo "2028"]
[BlackElo "1903"]
[Annotator "22"]
[PlyCount "52"]
[EventDate "2012.??.??"]
[EventType "corr"]

1. c4 Nf6 2. Nc3 d5 3. cxd5 Nxd5 4. g3 g6 5. Bg2 Nxc3 6. bxc3 Bg7 7. Nf3 O-O 8.
O-O Nd7 9. Rb1 c5 10. c4 Qc7 11. d3 Rb8 12. Bf4 e5 13. Bd2 b6 14. a4 Bb7 15. a5
f5 16. axb6 axb6 17. Qb3 Rfe8 18. Rfd1 Bc6 19. Bc3 e4 20. dxe4 Bxe4 21. Bxg7
Kxg7 22. Ra1 Kg8 23. Ra2 Rbd8 24. h3 Ne5 25. Rxd8 Rxd8 26. Nxe5 Qxe5 1/2-1/2

[Event "10MCR_4DW_1L_4S"]
[Site "CR"]
[Date "2012.??.??"]
[Round "?"]
[White "Dedina, Miroslav"]
[Black "Bares, Jiri"]
[Result "1/2-1/2"]
[WhiteElo "2307"]
[BlackElo "2253"]
[Annotator "23"]
[PlyCount "46"]
[EventDate "2012.??.??"]
[EventType "corr"]

1. Nf3 Nf6 2. c4 e6 3. Nc3 d5 4. d4 Be7 5. Bf4 O-O 6. e3 c5 7. dxc5 Bxc5 8. Qc2
Nc6 9. Rd1 Qa5 10. Be2 Nb4 11. Qb3 dxc4 12. Bxc4 Nbd5 13. Be5 Qb4 14. O-O Qxb3
15. Bxb3 Nxc3 16. Bxc3 b6 17. Bd4 Ba6 18. Bxc5 bxc5 19. Rfe1 c4 20. Rd6 cxb3
21. Rxa6 bxa2 22. Rxa2 Rfb8 23. h3 Rb7 1/2-1/2

[Event "10MCR_4DW_1L_4S"]
[Site "CR"]
[Date "2012.??.??"]
[Round "?"]
[White "Dedina, Miroslav"]
[Black "Kyhos, Alois"]
[Result "1/2-1/2"]
[WhiteElo "2307"]
[BlackElo "2195"]
[Annotator "24"]
[PlyCount "67"]
[EventDate "2012.??.??"]
[EventType "corr"]

1. Nf3 Nf6 2. c4 g6 3. g3 Bg7 4. Bg2 O-O 5. O-O Nc6 6. d4 d6 7. Nc3 a6 8. d5
Na5 9. Nd2 Nd7 10. Qc2 c5 11. Rb1 Rb8 12. a4 Ne5 13. b3 Bf5 14. e4 Bd7 15. Nf3
b5 16. axb5 axb5 17. Nxe5 Bxe5 18. Nxb5 Bxb5 19. cxb5 Rxb5 20. Bh6 Bg7 21. Bxg7
Kxg7 22. b4 cxb4 23. Rxb4 Rxb4 24. Qc3+ Kg8 25. Qxb4 Qc7 26. Rb1 Qc2 27. Rb2
Qc1+ 28. Bf1 Rc8 29. Rb1 Qc2 30. Rb2 Qc1 31. Rb1 Qc2 32. Rb2 Qc1 33. Rb1 Qc2
34. Rb2 1/2-1/2

[Event "10MCR_4DW_1L_4S"]
[Site "CR"]
[Date "2012.??.??"]
[Round "?"]
[White "Jarabinsky, Martin"]
[Black "Mudra, Oldrich"]
[Result "1/2-1/2"]
[WhiteElo "2127"]
[BlackElo "2096"]
[Annotator "25"]
[PlyCount "97"]
[EventDate "2012.??.??"]
[EventType "corr"]

1. e4 e5 2. Nf3 Nc6 3. Bb5 Nf6 4. O-O Nxe4 5. d4 Nd6 6. Bxc6 dxc6 7. dxe5 Nf5
8. Qxd8+ Kxd8 9. Nc3 Bd7 10. Rd1 Kc8 11. Ng5 Be8 12. b3 b6 13. Bb2 Be7 14. Nge4
Kb7 15. Rd3 Rd8 16. Rxd8 Bxd8 17. f3 Bd7 18. Rd1 Kc8 19. Ne2 Re8 20. Nf4 c5 21.
Nh5 Nd4 22. Nxg7 Rxe5 23. c3 Nc6 24. c4 Nd4 25. Ng3 Bf6 26. N7h5 Bh8 27. Bxd4
cxd4 28. Rxd4 Re1+ 29. Kf2 Rc1 30. Rd2 Bc3 31. Rd3 Rc2+ 32. Kf1 Be5 33. a4 a6
34. Re3 Bd4 35. Re4 Bc5 36. Re2 Rc3 37. Rb2 Rc1+ 38. Ke2 Bd6 39. Kd3 b5 40.
axb5 axb5 41. Ne4 Bxh2 42. Nhf6 Be5 43. Rc2 Rxc2 44. Kxc2 bxc4 45. bxc4 Bf5 46.
Kd2 h6 47. g4 Be6 48. Nd5 Kd8 49. Nc5 1/2-1/2

[Event "10MCR_4DW_1L_4S"]
[Site "CR"]
[Date "2012.??.??"]
[Round "?"]
[White "Dedina, Miroslav"]
[Black "Portych, Vaclav"]
[Result "1/2-1/2"]
[WhiteElo "2307"]
[BlackElo "2028"]
[Annotator "26"]
[PlyCount "38"]
[EventDate "2012.??.??"]
[EventType "corr"]

1. Nf3 Nf6 2. c4 e6 3. Nc3 c5 4. g3 b6 5. Bg2 Bb7 6. O-O Be7 7. d4 cxd4 8. Qxd4
O-O 9. Rd1 Nc6 10. Qf4 Qb8 11. Qxb8 Raxb8 12. Bf4 Rbc8 13. e4 Rfd8 14. e5 Ne8
15. Nb5 f6 16. exf6 Bxf6 17. Nd2 Bxb2 18. Rab1 Bf6 19. h4 Be7 1/2-1/2

[Event "10MCR_4DW_1L_4S"]
[Site "CR"]
[Date "2012.??.??"]
[Round "?"]
[White "Bares, Jiri"]
[Black "Portych, Vaclav"]
[Result "1/2-1/2"]
[WhiteElo "2253"]
[BlackElo "2028"]
[Annotator "27"]
[PlyCount "54"]
[EventDate "2012.??.??"]
[EventType "corr"]

1. d4 Nf6 2. c4 e6 3. Nf3 b6 4. g3 Bb7 5. Bg2 Be7 6. O-O O-O 7. Nc3 Ne4 8. Qc2
Nxc3 9. Qxc3 c5 10. Bf4 d6 11. Rfd1 Nc6 12. Qd3 Bf6 13. dxc5 dxc5 14. Qa3 Qc8
15. Bg5 Be5 16. Rd2 h6 17. Nxe5 Nxe5 18. Qc3 Bxg2 19. Kxg2 Qb7+ 20. Kg1 Nc6 21.
Be3 Qc7 22. Rad1 Rad8 23. Kg2 Rxd2 24. Rxd2 Rd8 25. b3 Rd7 26. Bf4 Qd8 27. h4
Rxd2 1/2-1/2

[Event "10MCR_4DW_1L_4S"]
[Site "CR"]
[Date "2012.??.??"]
[Round "?"]
[White "Mudra, Oldrich"]
[Black "Sykora, Josef"]
[Result "1/2-1/2"]
[WhiteElo "2096"]
[BlackElo "2339"]
[Annotator "28"]
[PlyCount "111"]
[EventDate "2012.??.??"]
[EventType "corr"]

1. d4 Nf6 2. c4 e6 3. Nf3 b6 4. g3 Ba6 5. b3 Bb4+ 6. Bd2 Be7 7. Bg2 c6 8. Bc3
d5 9. Ne5 Nfd7 10. Nxd7 Nxd7 11. Nd2 O-O 12. O-O Rc8 13. e4 b5 14. Re1 bxc4 15.
bxc4 dxc4 16. Qc2 Re8 17. Rad1 Bf8 18. a4 c5 19. d5 exd5 20. exd5 Rxe1+ 21.
Rxe1 Nb6 22. Nf3 Nxd5 23. Rd1 Bb7 24. Ne5 Qd6 25. Be4 Rc7 26. Nxc4 Qe6 27.
Bxh7+ Kh8 28. Bf5 Qc6 29. Na5 Ne3 30. Nxc6 Nxc2 31. Rd8 Kg8 32. Nxa7 Nd4 33.
Nb5 Nf3+ 34. Kg2 Re7 35. Nd6 Bc6 36. a5 Nd4+ 37. Kf1 Nxf5 38. Nxf5 Bb5+ 39. Kg2
Bc6+ 40. Kh3 Rd7 41. Rxd7 Bxd7 42. g4 Bc8 43. Kg3 g6 44. Ne3 f5 45. gxf5 gxf5
46. f4 Be7 47. Nd5 Bd8 48. Be5 c4 49. Nb6 Ba6 50. Bc3 Kh7 51. Kf2 Kg6 52. Nd7
Kh5 53. Ne5 Be7 54. Kg3 Bh4+ 55. Kf3 Be7 56. Kg2 1/2-1/2

[Event "10MCR_4DW_1L_4S"]
[Site "CR"]
[Date "2012.??.??"]
[Round "?"]
[White "Glaser, Karel"]
[Black "Dedina, Miroslav"]
[Result "1/2-1/2"]
[WhiteElo "2269"]
[BlackElo "2307"]
[Annotator "29"]
[PlyCount "66"]
[EventDate "2012.??.??"]
[EventType "corr"]

1. e4 e5 2. Nf3 Nc6 3. d4 exd4 4. Nxd4 Nf6 5. Nxc6 bxc6 6. e5 Qe7 7. Qe2 Nd5 8.
c4 Nb6 9. Nc3 Qe6 10. Qe4 g6 11. Bd3 Bg7 12. f4 O-O 13. O-O Ba6 14. b3 d5 15.
cxd5 cxd5 16. Qf3 Bxd3 17. Qxd3 f6 18. Nb5 fxe5 19. Nxc7 Qd6 20. Nxa8 e4 21.
Qb1 Bxa1 22. Qxa1 Nxa8 23. Qd4 Qb6 24. Be3 Qxd4 25. Bxd4 Nc7 26. Bxa7 Ne6 27.
a4 d4 28. a5 e3 29. Re1 Rc8 30. g3 g5 31. b4 gxf4 32. gxf4 Rc2 33. a6 Nxf4
1/2-1/2

[Event "10MCR_4DW_1L_4S"]
[Site "CR"]
[Date "2012.??.??"]
[Round "?"]
[White "Dedina, Miroslav"]
[Black "Tomisek, Petr"]
[Result "1/2-1/2"]
[WhiteElo "2307"]
[BlackElo "2251"]
[Annotator "30"]
[PlyCount "65"]
[EventDate "2012.??.??"]
[EventType "corr"]

1. Nf3 Nc6 2. d4 d5 3. c4 Bg4 4. Nc3 e6 5. e3 Bb4 6. Bd2 Nf6 7. h3 Bxf3 8. Qxf3
O-O 9. cxd5 exd5 10. Bd3 Bxc3 11. Bxc3 Qd6 12. O-O Nb4 13. Bb1 Rfe8 14. Rc1 Nc6
15. Bd3 a6 16. Qd1 Ne4 17. Be1 g6 18. Qb3 Rab8 19. Rc2 Ng5 20. Rd1 f5 21. Rc5
Ne7 22. f3 Ne6 23. Rcc1 c6 24. a4 Qc7 25. Bh4 Rf8 26. Qc3 Nc8 27. b4 Nb6 28. a5
Na8 29. e4 fxe4 30. fxe4 Qf4 31. Qe1 Rbe8 32. Bf1 Ng5 33. e5 1/2-1/2

[Event "10MCR_4DW_1L_4S"]
[Site "CR"]
[Date "2012.??.??"]
[Round "?"]
[White "Dolezal, Petr"]
[Black "Jarabinsky, Martin"]
[Result "1/2-1/2"]
[WhiteElo "1903"]
[BlackElo "2127"]
[Annotator "31"]
[PlyCount "91"]
[EventDate "2012.??.??"]
[EventType "corr"]

1. e4 e5 2. Nf3 Nc6 3. Bb5 a6 4. Ba4 Nf6 5. O-O b5 6. Bb3 Bc5 7. a4 Rb8 8. c3
d6 9. d4 Bb6 10. axb5 axb5 11. Na3 O-O 12. Nxb5 exd4 13. cxd4 Bg4 14. Ra3 Re8
15. Re1 Qd7 16. Bc2 Bh5 17. Bf4 h6 18. Bg3 Re7 19. Bh4 g5 20. Bg3 d5 21. e5 Ne4
22. Ba4 Qd8 23. Qc1 Nb4 24. Ree3 Re6 25. Reb3 Nc6 26. Rd3 Ne7 27. Rd1 Nf5 28.
Bc2 Qe8 29. Rb3 Kg7 30. Qb1 Ba5 31. Nc3 Bxc3 32. bxc3 Rxb3 33. Qxb3 Rb6 34. Qa3
Qb5 35. Re1 Ra6 36. Qc1 Rc6 37. Qa1 Nfxg3 38. hxg3 Nxc3 39. Kh2 Qa6 40. Qxa6
Rxa6 41. Re3 Nb5 42. Bd3 c6 43. e6 fxe6 44. Rxe6 Bxf3 45. Bxb5 Ra2 46. gxf3
1/2-1/2

[Event "10MCR_4DW_1L_4S"]
[Site "CR"]
[Date "2012.??.??"]
[Round "?"]
[White "Portych, Vaclav"]
[Black "Mudra, Oldrich"]
[Result "1/2-1/2"]
[WhiteElo "2028"]
[BlackElo "2096"]
[Annotator "32"]
[PlyCount "61"]
[EventDate "2012.??.??"]
[EventType "corr"]

1. c4 Nf6 2. Nc3 g6 3. e4 d6 4. d4 Bg7 5. Nf3 O-O 6. h3 e5 7. d5 Nbd7 8. Be3
Nc5 9. Nd2 a5 10. Be2 Bd7 11. O-O b6 12. b3 Ne8 13. Rc1 Qe7 14. a3 f5 15. exf5
Bxf5 16. g4 Bd7 17. Qc2 Qh4 18. Kg2 a4 19. b4 Nb3 20. Nxb3 axb3 21. Qxb3 Nf6
22. f3 Nh5 23. Ne4 Nf4+ 24. Bxf4 exf4 25. c5 bxc5 26. bxc5 Rfb8 27. Qd3 Bb5 28.
Qd2 Bxe2 29. Qxe2 Rxa3 30. cxd6 cxd6 31. Rc6 1/2-1/2

[Event "10MCR_4DW_1L_4S"]
[Site "CR"]
[Date "2012.??.??"]
[Round "?"]
[White "Glaser, Karel"]
[Black "Bares, Jiri"]
[Result "1/2-1/2"]
[WhiteElo "2269"]
[BlackElo "2253"]
[Annotator "33"]
[PlyCount "90"]
[EventDate "2012.??.??"]
[EventType "corr"]

1. e4 c5 2. Nf3 d6 3. d4 cxd4 4. Nxd4 Nf6 5. Nc3 a6 6. Be3 e5 7. Nb3 Be6 8. f3
Be7 9. Qd2 O-O 10. O-O-O Nbd7 11. g4 b5 12. g5 b4 13. Ne2 Ne8 14. Ng3 a5 15.
Kb1 Nc7 16. Nc1 d5 17. f4 d4 18. Bf2 Bg4 19. Be2 Bxe2 20. Qxe2 Ne6 21. fxe5
Nxe5 22. h4 Nc6 23. Qb5 Qc7 24. Nf5 Bd6 25. h5 Rac8 26. g6 fxg6 27. hxg6 hxg6
28. Nxd6 Qxd6 29. Nd3 Qc7 30. Rd2 Ne7 31. Be1 Rb8 32. Qa6 Ng5 33. Bg3 Qc8 34.
Qxa5 Nxe4 35. Rdh2 Nxg3 36. Rh8+ Kf7 37. Ne5+ Ke6 38. Rxf8 Qb7 39. Re1 Rxf8 40.
Nxg6+ Kf7 41. Nxf8 Kxf8 42. Qd8+ Kf7 43. Qxd4 Ngf5 44. Qc4+ Nd5 45. Re5 Nfe7
1/2-1/2

[Event "10MCR_4DW_1L_4S"]
[Site "CR"]
[Date "2012.??.??"]
[Round "?"]
[White "Bares, Jiri"]
[Black "Dolezal, Petr"]
[Result "1/2-1/2"]
[WhiteElo "2253"]
[BlackElo "1903"]
[Annotator "34"]
[PlyCount "57"]
[EventDate "2012.??.??"]
[EventType "corr"]

1. d4 Nf6 2. c4 e6 3. Nf3 d5 4. Nc3 c6 5. e3 Nbd7 6. Qc2 Bd6 7. c5 Bc7 8. b4 e5
9. Be2 e4 10. Nd2 O-O 11. b5 Re8 12. bxc6 bxc6 13. Rb1 Nf8 14. Qa4 Qd7 15. O-O
a5 16. f3 exf3 17. Nxf3 Ba6 18. Bxa6 Rxa6 19. Qc2 Raa8 20. Bd2 h6 21. h3 N8h7
22. a4 Qe7 23. Qf5 g6 24. Qc2 Ng5 25. Nxg5 hxg5 26. g4 Kg7 27. Rf3 Qd7 28. Rbf1
Re6 29. Bc1 1/2-1/2

[Event "10MCR_4DW_1L_4S"]
[Site "CR"]
[Date "2012.??.??"]
[Round "?"]
[White "Mudra, Oldrich"]
[Black "Dedina, Miroslav"]
[Result "1/2-1/2"]
[WhiteElo "2096"]
[BlackElo "2307"]
[Annotator "35"]
[PlyCount "74"]
[EventDate "2012.??.??"]
[EventType "corr"]

1. d4 d5 2. Nf3 c6 3. c4 e6 4. e3 Nf6 5. Bd3 Nbd7 6. O-O Bd6 7. Nbd2 O-O 8. e4
dxe4 9. Nxe4 Nxe4 10. Bxe4 h6 11. Bc2 Nf6 12. Qd3 b6 13. b3 c5 14. Bb2 cxd4 15.
Bxd4 Bc5 16. Rad1 Bxd4 17. Qxd4 Bb7 18. Ne5 Qe7 19. Rfe1 Rfd8 20. Qc3 Nd7 21.
Rxd7 Rxd7 22. Nxd7 Qxd7 23. Rd1 Qc6 24. f3 Qc5+ 25. Kh1 Rc8 26. h3 Bc6 27. b4
Qf2 28. Qd3 Be8 29. a3 g6 30. Qc3 h5 31. Kh2 h4 32. Bb3 a5 33. Qd4 Qe2 34. Qe4
Qb2 35. Rd3 Qf6 36. Qb7 Qe5+ 37. Kh1 Qe1+ 1/2-1/2

[Event "10MCR_4DW_1L_4S"]
[Site "CR"]
[Date "2012.??.??"]
[Round "?"]
[White "Kyhos, Alois"]
[Black "Tomisek, Petr"]
[Result "0-1"]
[WhiteElo "2195"]
[BlackElo "2251"]
[Annotator "36"]
[PlyCount "72"]
[EventDate "2012.??.??"]
[EventType "corr"]

1. d4 d5 2. c4 Nc6 3. cxd5 Qxd5 4. e3 e5 5. Nc3 Bb4 6. Bd2 Bxc3 7. bxc3 Nf6 8.
f3 e4 9. f4 O-O 10. c4 Qd8 11. Ne2 h5 12. Rb1 Ne7 13. h3 Re8 14. Kf2 c6 15. g3
b6 16. Kg2 Nf5 17. Nc3 Be6 18. Be2 Qd7 19. a4 Rad8 20. Qb3 Rb8 21. Rbd1 h4 22.
g4 Ng3 23. f5 Bxf5 24. gxf5 Qxf5 25. Rh2 Nh7 26. Qc2 Qg6 27. Kf2 Rbd8 28. Qb1
Ng5 29. Bg4 f5 30. Be2 Qd6 31. Kg2 Re6 32. c5 bxc5 33. Bc1 Rb8 34. Qa2 Kh7 35.
dxc5 Qe5 36. Qc4 Rg6 0-1

[Event "10MCR_4DW_1L_4S"]
[Site "CR"]
[Date "2012.??.??"]
[Round "?"]
[White "Bares, Jiri"]
[Black "Tomisek, Petr"]
[Result "1/2-1/2"]
[WhiteElo "2253"]
[BlackElo "2251"]
[Annotator "37"]
[PlyCount "82"]
[EventDate "2012.??.??"]
[EventType "corr"]

1. d4 d5 2. c4 Nc6 3. Nc3 dxc4 4. Nf3 Nf6 5. e4 Bg4 6. Be3 e6 7. Bxc4 Bb4 8.
Qc2 O-O 9. Rd1 Qe7 10. Be2 e5 11. d5 Nd4 12. Nxd4 exd4 13. Rxd4 Bxe2 14. Kxe2
Ng4 15. Nd1 Bd6 16. f3 Nxe3 17. Nxe3 Rae8 18. Kd1 g6 19. Rd3 f5 20. exf5 gxf5
21. g3 f4 22. Nc4 Bc5 23. Kc1 Qe2 24. a4 Qxc2+ 25. Kxc2 h5 26. Kc3 Bf2 27. Kd2
Re7 28. b3 a6 29. Kd1 Rh7 30. gxf4 Rxf4 31. Nd2 Rg7 32. Ne4 Bb6 33. d6 cxd6 34.
Rxd6 Bc7 35. Rd3 Rff7 36. h4 Rg2 37. Rf1 Kg7 38. Rd2 Rxd2+ 39. Kxd2 Kg6 40. Ke2
Bd8 41. Rg1+ Kh6 1/2-1/2

[Event "10MCR_4DW_1L_4S"]
[Site "CR"]
[Date "2012.??.??"]
[Round "?"]
[White "Trs, Jan"]
[Black "Glaser, Karel"]
[Result "1/2-1/2"]
[WhiteElo "2096"]
[BlackElo "2269"]
[Annotator "38"]
[PlyCount "73"]
[EventDate "2012.??.??"]
[EventType "corr"]

1. d4 Nf6 2. c4 e6 3. Nf3 d5 4. g3 dxc4 5. Qa4+ Bd7 6. Qxc4 Bc6 7. Bg2 Bd5 8.
Qa4+ Qd7 9. Qxd7+ Nbxd7 10. O-O c5 11. Nc3 Bc6 12. Rd1 a6 13. Bg5 cxd4 14. Nxd4
Bxg2 15. Kxg2 h6 16. Bxf6 Nxf6 17. Na4 Be7 18. Rac1 Rb8 19. Nb6 O-O 20. f4 Bd8
21. Nc4 Bc7 22. Kf3 g5 23. e4 Rbd8 24. e5 Nd5 25. Rd2 Rc8 26. Nb3 Bb8 27. Ne3
Nxe3 28. Kxe3 Rcd8 29. Rdd1 gxf4+ 30. gxf4 Ba7+ 31. Ke4 Bb6 32. f5 Rxd1 33.
Rxd1 exf5+ 34. Kxf5 Rc8 35. h3 Rc4 36. e6 fxe6+ 37. Kxe6 1/2-1/2

[Event "10MCR_4DW_1L_4S"]
[Site "CR"]
[Date "2012.??.??"]
[Round "?"]
[White "Trs, Jan"]
[Black "Dolezal, Petr"]
[Result "1/2-1/2"]
[WhiteElo "2096"]
[BlackElo "1903"]
[Annotator "39"]
[PlyCount "52"]
[EventDate "2012.??.??"]
[EventType "corr"]

1. c4 c5 2. Nf3 Nf6 3. Nc3 e6 4. g3 Nc6 5. Bg2 Qb6 6. O-O Be7 7. b3 O-O 8. Bb2
d5 9. cxd5 exd5 10. d4 cxd4 11. Na4 Qa6 12. Nxd4 Re8 13. Nc3 Be6 14. Nxe6 fxe6
15. Rc1 Ba3 16. Bxa3 Qxa3 17. Nb5 Qe7 18. e3 Rac8 19. Qd2 Qd7 20. Rfd1 Ne7 21.
Nc3 Red8 22. Ne2 Rxc1 23. Nxc1 Qd6 24. Nd3 Rc8 25. Nf4 g5 26. Qb2 Kf7 1/2-1/2